| 000 | 00599nam a2200217 a 4500 | ||
|---|---|---|---|
| 001 | BRCA_3925 | ||
| 005 | 20190320204458.0 | ||
| 008 | 100110s1931----nyua######---#000-0#eng-# | ||
| 041 | _aeng | ||
| 044 | _anyu | ||
| 050 | 4 |
_aF1210 _b.H37 1931 |
|
| 100 | 1 |
_aHarnoncourt, René D´ _910213 |
|
| 245 | 1 | 0 |
_aMexicana _ba book of pictures _cby René D´ Harnoncourt. |
| 260 |
_aNueva York _bAlfred A. Knopf _c1931 |
||
| 300 |
_a1 v. (sin paginación) _bil. _c28 cm. |
||
| 500 | _aC75 | ||
| 650 | 1 | 4 |
_aLeyendas _99124 |
| 651 | 4 |
_aMéxico _xVida social y costumbres _9769 |
|
| 902 | _aGFM | ||
| 942 |
_2lcc _cB |
||
| 999 |
_c3652 _d3652 |
||